Statistics for Ski resorts with the biggest vertical

Click here to take the quiz!

General Stats

  • This quiz has been taken 8 times
  • The average score is 6 of 15

Answer Stats

Vertical DropCountryAnswer% Correct
2337 metersSwitzerlandZermatt
100%
1918 metersSwitzerlandLaax
50%
2026 metersFranceLes Arcs
50%
1977 metersAustriaSölden
50%
1920 metersAustriaZillertal Arena
50%
1787 metersItalyBormio
33%
2096 metersItalyCourmayeur
33%
2034 metersSwitzerlandDavos
33%
2000 metersFranceLa Plagne
33%
2243 metersFranceLes 2 alpes
33%
2080 metersFranceAlpe d´Huez
17%
1796 metersSwitzelandBelalp
17%
1823 metersItalyMarmolada
17%
1773 metersSwitzerlandSaas fee
17%
1940 metersIranTochal
17%

Score Distribution

Percentile by Number Answered

Percent of People with Each Score

Your Score History

You have not taken this quiz